000 00673nam a22002177a 4500
003 BUBTL
008 221118b ||||| |||| 00| 0 eng d
020 _a9847002006705
082 _a843.914/ C159/ 2019
100 _94943
_aCamus, Albert
245 _aThe Outsider/
_cAlbert Camus
250 _a1st Edn.
260 _aDhaka:
_bFriends' Book Corner,
_cc2019
300 _a112 p.:
_c19 cm.
440 _94221
_aFriends' Classics
505 _aThe Outsider, Albert Camus, Friends' Classics, English, English Literature
650 0 _91994
_aEnglish Literature
856 _k0
_l0
_yDownload
942 _2ddc
_cBK
999 _c6815
_d6815